Language Quiz

Random Language or Spanish Quiz

Spanish Irregular Verbs De-In Quiz Stats

 Plays Quiz not verified by Sporcle

Score 0/61 Timer 07:00
0 Plays Today
What it Means Irregular Verb % Correct
to saydecir
93.3%
to sleepdormir
66.7%
to begin/ to startempezar
66.7%
to find/ to encounterencontrar
66.7%
to explainexplicar
66.7%
to hurtdoler
60%
to skiesquiar
60%
to do/ to makehacer
60%
to defenddefender
53.3%
to wake/ to arousedespertar
53.3%
to give something backdevolver
53.3%
to destroy/ to wreckdestruir
40%
to distributedistribuir
33.3%
to entertain/ to amusedivertir
33.3%
to light/ to enflameencender
33.3%
to chooseescoger
33.3%
to includeincluir
33.3%
to influenceinfluir
33.3%
to spy onespiar
26.7%
to extractextraer
26.7%
to boilhervir
26.7%
to go downdescender
20%
to arrest/ to stopdetener
20%
to dissolve/ to break updisolver
20%
to electrifyelectrificar
20%
to manufacture/ to buildfabricar
20%
to insinuateinsinuar
20%
to intensifyintensificar
20%
to disapprove ofdesaprobar
13.3%
to become/ to turn intodevenir
13.3%
to go to beddormirse
13.3%
What it Means Irregular Verb % Correct
to wrap up/ to windenvolver
13.3%
to flowfluir
13.3%
to take a photographfotografiar
13.3%
to decreasedecrecer
6.7%
to undo/ to unpackdeshacer
6.7%
to digest/ to assimilatedigerir
6.7%
to dilutediluir
6.7%
to reduce/ to decreasedisminuir
6.7%
to buildedificar
6.7%
to shut up/ to shut inencerrar
6.7%
to tire/ to wearyfatigar
6.7%
to dismissdestituir
0%
to demolishderruir
0%
to go back overdesandar
0%
to deductdescontar
0%
to be deliriousdesvariar
0%
to amuse/ to entertaindistraer
0%
to shrinkencoger
0%
to swellengrosar
0%
to estarto be
0%
to send/ to dispatchexpedir
0%
to stretch outextender
0%
to exhaust/ to drainextenuar
0%
to forgefalsificar
0%
to forgefraguar
0%
to spread/ to generalizegeneralizar
0%
to enjoygozar
0%
to flatterhalagar
0%
to fill/ to fill uphenchir
0%
to preventimpedir
0%

You're not logged in!

Compare scores with friends on all Sporcle quizzes.
OR
Log In

You Might Also Like...

Show Comments

Extras

Top Quizzes Today


Score Distribution

Your Account Isn't Verified!

In order to create a playlist on Sporcle, you need to verify the email address you used during registration. Go to your Sporcle Settings to finish the process.

Report this User

Report this user for behavior that violates our Community Guidelines.

Details: